[Event "San Martino di Castrozza op 3rd"]
[Site "San Martino di Castrozza"]
[Date "2002.07.04"]
[Round "4"]
[White "Dal Zovo, Claudio"]
[Black "Guglielmone, Luciano"]
[Result "1-0"]
[WhiteElo "1732"]
[BlackElo "1720"]
[PlyCount "63"]
[EventDate "2002.07.01"]
[EventType "swiss"]
[EventRounds "7"]
[EventCountry "ITA"]
[SourceTitle "EXT 2007"]
[Source "ChessBase"]
[SourceDate "2006.11.23"]
[SourceVersion "1"]
[SourceVersionDate "2006.11.23"]
[SourceQuality "1"]

1. d4 e6 2. Nf3 f5 3. e3 Nf6 4. Bd3 Be7 5. b3 0-0 6. 0-0 Qe8 7. c4 Ne4 8. Bb2 d5 9. Ne5 Nd7 10. f3 Nef6 11. Nd2 Qh5 12. e4 Nxe5 13. dxe5 Bc5+ 14. Kh1 Nd7 15. exd5 exd5 16. cxd5 Be3 17. f4 Qh6 18. g3 b6 19. Be2 g5 20. fxg5 Bxg5 21. Nf3 f4 22. g4 Nc5 23. Nxg5 Qxg5 24. Bf3 Rb8 25. Qd4 Kg7 26. Rae1 Ba6 27. Be2 Bxe2 28. Rxe2 f3 29. Ref2 Rf4 30. Qe3 Kg6 31. Bc1 Rxg4 32. Qxf3 1-0